[Event "Sampa Chess Open 2024"]
[Site "Sao Paulo"]
[Date "2024.02.03"]
[Round "7.22"]
[White "Da Silva, Lucas Pereira Mende"]
[Black "Moreira, Paulo Vinicius Mace"]
[Result "1-0"]
[WhiteElo "1974"]
[BlackElo "1711"]
[PlyCount "47"]
[EventDate "2024.01.29"]
[EventRounds "9"]
[EventCountry "BRA"]

1. Nf3 d5 2. b3 c5 3. Bb2 Nf6 4. e3 Nc6 5. Be2 e6 6. O-O Bd6 7. d4 cxd4 8. exd4
O-O 9. Nbd2 b6 10. Re1 $146 ({RR} 10. a3 Bb7 11. Bd3 Ne7 12. Qe2 Rc8 13. Ne5
Bb8 14. Qf3 Qc7 15. Rac1 Ng6 16. Rfe1 Nd7 17. Qh3 Ndxe5 18. dxe5 Qe7 19. Qh5 h6
20. Bxg6 fxg6 21. Qxg6 Bc6 22. Re3 Be8 23. Qd3 Rf5 24. Qa6 Rd8 {Jacobsen,M 
(2343)-Jepsen,T (2069) Helsingor DEN 2019 1-0 (48)}) ({RR} 10. Ne5 Bb7 11. Ndf3
({RR} 11. f4 Ne7 12. Qe1 Ne4 13. Nxe4 dxe4 14. Bg4 f5 15. Bd1 Nc6 16. c4 Bxe5
17. dxe5 Qe7 18. a4 Nb4 19. Ba3 Qc5+ 20. Kh1 a5 21. Bxb4 axb4 22. Bc2 Rfd8 23.
Rd1 Qe7 24. Qf2 Qc5 25. Qh4 Qc7) 11... Ne7 12. Bd3 Ne4 13. Qe2 f6 14. Ng4 Ng6
15. g3 Qd7 16. Ne3 f5 17. Ng2 Qc7 18. Nfe1 Rae8 19. f3 Nf6 20. f4 Ne4 21. Nf3
Qd7 22. Ne5 Nxe5 23. fxe5 Be7 24. Bb5 Bc6 {Cordeiro,M (2057)-Labussiere,V 
(2328) Florianopolis 2024 0-1 (48)}) ({RR} 10. Ne5 Bb7 11. f4 Ne7 12. Qe1 Ne4
13. Nxe4 dxe4 14. Bg4 f5 15. Bd1 Nc6 16. c4 Bxe5 17. dxe5 Qe7 18. a4 Nb4 19.
Ba3 Qc5+ 20. Kh1 a5 21. Bxb4 axb4 22. Bc2 Rfd8 23. Rd1 Qe7 24. Qf2 Qc5 {
Fluvia Poyatos,J (2223)-Saez Moya,J (2069) Formigal 2002 1/2-1/2 (89)}) 10...
Bb7 11. Bd3 Nb4 12. Bf1 Ba6 13. c4 Rc8 14. a3 Nc6 15. Rc1 Na5 16. Ne5 Bb7 17.
Bd3 Nc6 18. Re3 Bxe5 19. dxe5 d4 20. exf6 dxe3 21. Bxh7+ Kxh7 22. Qh5+ Kg8 23.
Qg5 exf2+ 24. Kh1 1-0

[Event "Sampa Chess Open 2024"]
[Site "Sao Paulo"]
[Date "2024.02.03"]
[Round "7.23"]
[White "Barroso, Daniele Silva"]
[Black "Simeao, Miguel Roberto Rani"]
[Result "0-1"]
[WhiteElo "1349"]
[BlackElo "1962"]
[PlyCount "90"]
[EventDate "2024.01.29"]
[EventRounds "9"]
[EventCountry "BRA"]

1. c4 Nf6 2. Nc3 g6 3. d4 Bg7 4. e4 d6 5. f3 O-O 6. Be3 e5 7. d5 a5 8. Bd3 Ne8
9. Nge2 f5 10. Qd2 f4 11. Bf2 Na6 12. Rc1 $146 ({RR} 12. O-O-O Bd7 13. Kb1 Nb4
14. Nc1 Nxd3 15. Nxd3 b6 16. b3 Nf6 17. Kc2 Be8 18. Ra1 Nd7 19. a3 Nc5 20. b4
Nxd3 21. Kxd3 Rf7 22. Rhb1 Bf8 23. Ke2 Rg7 24. Qd3 g5 25. h3 h5 26. c5 bxc5 {
Witt,R-Nemlioglu,A Groningen 1970 1-0 (61)}) 12... g5 13. Bb1 h5 14. h3 Nf6 15.
Nb5 b6 16. Ng1 Rf7 17. a3 g4 18. hxg4 hxg4 19. Bh4 Nc5 20. Ba2 Qd7 21. b4 axb4
22. axb4 Nd3+ 23. Qxd3 Rxa2 24. Ne2 Bb7 25. c5 bxc5 26. bxc5 dxc5 27. Bxf6 Rxf6
28. Rh5 Rb6 29. Rxc5 Ba6 30. Nec3 Ra5 31. Rxc7 Qxc7 32. Nxc7 Bxd3 33. Ne6 Ra7
34. Rg5 gxf3 35. gxf3 Rb2 36. Rg4 Rh2 37. Nd1 Kh7 38. Nc5 Bc2 39. Nf2 Ra1+ 40.
Kd2 Rxf2+ 41. Kc3 Bd1 42. Rh4+ Kg6 43. Ne6 Rg2 44. d6 Ba4 45. Nc5 Rc1+ 0-1

[Event "Sampa Chess Open 2024"]
[Site "Sao Paulo"]
[Date "2024.02.03"]
[Round "7.24"]
[White "Pironti, Francisco Ferrari"]
[Black "Alves, Josue Flor De Souza"]
[Result "1-0"]
[WhiteElo "1953"]
[BlackElo "1551"]
[PlyCount "45"]
[EventDate "2024.01.29"]
[EventRounds "9"]
[EventCountry "BRA"]

1. c4 e5 2. Nc3 Nf6 3. Nf3 Nc6 4. e4 Bc5 5. Nxe5 Nxe5 6. d4 Bd6 7. c5 Bxc5 8.
dxe5 Ng8 9. Qg4 Bf8 $146 ({RR} 9... Kf8 10. Qg3 Ne7 11. Bc4 Ng6 12. f4 Qh4 13.
Nd5 c6 14. Be3 d6 15. Bxc5 Qxg3+ 16. hxg3 dxc5 17. Ne3 b5 18. Be2 Ke7 19. O-O-O
Nf8 20. Nf5+ Bxf5 21. exf5 Nd7 22. Rd6 Rac8 23. g4 h6 24. Bf3 {Nimzowitsch,
A-Reti,R Berlin (Café König) 1928 1-0 (62)}) ({RR} 9... Kf8 10. Qf3 d6 11. Bc4
f6 12. Bf4 dxe5 13. Bxe5 Nh6 14. O-O Qe7 15. Bf4 c6 16. e5 Nf5 17. exf6 gxf6
18. Rfe1 Qg7 19. Rad1 Bd7 20. Ne4 Bd4 21. Rxd4 Nxd4 22. Qa3+ Ke8 23. Nd6+ Kd8
24. Nxb7+ {Andreikin,D (2683)-Movsesian,S (2721) Moscow 2010 1-0}) ({RR} 9...
g6 10. Bc4 d5 11. Bb5+ c6 12. Qe2 d4 13. Na4 Bb4+ 14. Kf1 Qa5 15. a3 Bf8 16. b4
Qxb5 17. Qxb5 cxb5 18. Nc5 Bxc5 19. bxc5 Ne7 20. Bb2 Nc6 21. f4 Be6 22. Ke2
O-O-O 23. h3 h5 24. Kd2 {Yang Kaiqi (2481)-Donchenko,A (2636) chess.com INT
2022 0-1}) ({RR} 9... Kf8 10. Qg3 d6 11. Bg5 Qe8 12. exd6 Bxd6 13. Bf4 Bb4 14.
O-O-O Bxc3 15. Qxc3 Be6 16. Be2 Ne7 17. Rd2 f6 18. Rhd1 Qa4 19. Bh5 Nc6 20.
Bxc7 Qxe4 21. b3 Qf5 22. g4 Qe4 23. f3 {1-0 (23) Schmid,L-Muth,R Wiesbaden 1949
}) ({RR} 9... Kf8 10. Qf3 c6 11. Bc4 Qe8 12. O-O d6 13. exd6 Be6 14. Bxe6 Qxe6
15. e5 Qxe5 16. Bf4 Qf5 17. Rad1 Qd7 18. Ne4 Bb6 19. Rfe1 Re8 20. Qc3 Re6 21.
Nc5 Bxc5 22. Qxc5 b6 23. Qd4 Nf6 24. Be5 {Burg,T (2495)-Geirnaert,S (2436)
Belgium 2016 1/2-1/2 (40)}) 10. Bg5 f6 11. exf6 Nxf6 12. Qf3 Bb4 13. Bc4 h6 14.
Bh4 g5 15. e5 d5 16. O-O-O Bg4 17. Qe3 Bxd1 18. exf6+ Kf8 19. Nxd5 Bd6 20. Rxd1
c6 21. Ne7 Rg8 22. Qe6 Bf4+ 23. Kc2 1-0

[Event "Sampa Chess Open 2024"]
[Site "Sao Paulo"]
[Date "2024.02.03"]
[Round "7.25"]
[White "Matiuci, Bernardo Steinle"]
[Black "Ikejiri, Daniel Yoshito"]
[Result "1/2-1/2"]
[WhiteElo "1546"]
[BlackElo "1916"]
[PlyCount "82"]
[EventDate "2024.01.29"]
[EventRounds "9"]
[EventCountry "BRA"]

1. d4 d5 2. c4 e6 3. Nc3 c6 4. e4 dxe4 5. Nxe4 Bb4+ 6. Bd2 Qxd4 7. Bxb4 Qxe4+
8. Be2 Nd7 9. Bd6 ({RR} 9. Qd6 a5 10. Bc3 Ne7 11. Nf3 Nf5 12. Qd2 c5 13. O-O-O
O-O 14. g4 Nd4 15. Nxd4 cxd4 16. Bxd4 e5 17. Be3 Nf6 18. f3 Qc6 19. Qd6 Qa4 20.
Kb1 Be6 21. g5 Ne8 22. Qxe5 Bxc4 23. Bxc4 Qxc4 {Landa,K (2649)-Mueller,M (2395)
Deizisau 2003 1/2-1/2 (50)}) 9... Ne7 10. Nf3 Nf5 11. Bb4 $146 ({RR} 11. b4
Nxd6 12. Qxd6 c5 13. b5 a6 14. O-O Qxe2 15. Rfe1 Qxc4 16. b6 Qb5 17. Rxe6+ fxe6
18. Qxe6+ Kd8 19. Rd1 Re8 20. Qd6 Qc6 21. Qf4 Qxb6 22. Ng5 Qf6 23. Qg3 h6 {
0-1 (23) Guseinov,E (2417)-Malakhatko,V (2559) Baku 2006}) ({RR} 11. Ba3 c5 12.
O-O O-O 13. Bd3 Qg4 14. h3 Qf4 15. b3 b6 16. Bc1 Qc7 17. Bb2 Bb7 18. Qe2 Rfe8
19. Rfd1 Rad8 20. Rd2 Nf8 21. Rad1 Ng6 22. Bxf5 exf5 23. Rxd8 Rxd8 24. Rxd8+
Qxd8 25. Nd2 Nf8 {Heinemann,J (2296)-Wiwatanadate,P (2005) chess.com INT 2021
0-1 (46)}) ({RR} 11. Ba3 c5 12. O-O O-O 13. b4 b6 14. Bd3 Qc6 15. Re1 Bb7 16.
b5 Qc7 17. Bxf5 exf5 18. Re7 Rad8 19. Ne5 Rfe8 20. Rxd7 Rxd7 21. Nxd7 Rd8 22.
Nf6+ gxf6 23. Qb3 f4 24. Bb2 Qd6 25. Re1 f3 {Churaev,V (2132)-Yakupova,A (2076)
Khanty-Mansiysk 2009 0-1 (31)}) 11... b6 12. O-O Bb7 13. Re1 c5 14. Bc3 Qc6 15.
Bd3 O-O-O 16. Be4 Qc7 17. Qe2 Bxe4 18. Qxe4 Qb7 19. Qe2 Rhg8 20. b4 Qc7 21. a4
cxb4 22. Bxb4 a5 23. Ba3 Nc5 24. Bxc5 Qxc5 25. Rab1 Rd6 26. Rb5 Qc7 27. c5 bxc5
28. Reb1 Rgd8 29. g3 Nd4 30. Nxd4 cxd4 31. Qb2 Qc3 32. Rb8+ Kd7 33. Qb5+ Rc6
34. Rxd8+ Kxd8 35. Qe5 Kd7 36. Qxg7 Kd6 37. Qf8+ Kd5 38. Qd8+ Kc4 39. Qg5 Rc5
40. Qf4 Kd5 41. Qxf7 Qc2 1/2-1/2

[Event "Sampa Chess Open 2024"]
[Site "Sao Paulo"]
[Date "2024.02.03"]
[Round "7.26"]
[White "Nunes, Rafael Klanfer"]
[Black "Vargas, Goncalo Cintra"]
[Result "0-1"]
[WhiteElo "1789"]
[BlackElo "2041"]
[PlyCount "74"]
[EventDate "2024.01.29"]
[EventRounds "9"]
[EventCountry "BRA"]

1. d4 f5 2. Nf3 Nf6 3. Bf4 g6 4. e3 Bg7 5. Be2 ({RR} 5. Bc4) 5... d6 6. h3 O-O
7. O-O Kh8 $146 ({RR} 7... Qe8 8. c4 Nc6 9. Nc3 e5 10. dxe5 dxe5 11. Bh2 e4 12.
Nd4 Nxd4 13. exd4 Qe7 14. Be5 ({RR} 14. Qb3) 14... c5 15. f4 Rd8 16. Nd5 ({RR} 
16. d5) 16... Nxd5 17. cxd5 Kh8 18. d6 Rxd6 19. Bxd6 Qxd6 20. dxc5 Qxc5+ 21.
Kh1 Be6 22. Rc1 {Ivanov,S-Ionov,S Leningrad (Russia) 1983 1-0 (35)}) ({RR} 7...
b6 8. Bh2 e6 9. c4 Qe7 10. Nc3 Rd8 11. b4 c5 12. a3 Ne4 13. Rc1 Bb7 14. Qb3
cxd4 15. Nxe4 d3 16. Nf6+ Bxf6 17. Bxd3 Bxf3 18. gxf3 Nc6 19. Rfd1 Be5 20. f4
Bf6 21. Bf1 Rac8 22. Rd2 {Alvarez Fernandez,E (2282)-Narciso Dublan,M (2468)
Sanxenxo ESP 2018 1/2-1/2 (39)}) ({RR} 7... e6 8. c4 Qe7 9. Nc3 Nc6 10. Bh2 h6
11. Rb1 a5 12. a3 Kh7 13. b4 axb4 14. axb4 Qf7 15. c5 Qe7 16. cxd6 cxd6 17. d5
exd5 18. Nxd5 Nxd5 19. Qxd5 Be6 20. Qxd6 Qxd6 21. Bxd6 Rfd8 22. Bc5 {
Rostovtsev,D (2188)-Kokoszczynski,J (2277) chess.com INT 2021 1-0 (57)}) 8. c4
Be6 9. Nc3 Bg8 10. b4 Nfd7 11. Rc1 e5 12. dxe5 Nxe5 13. Nxe5 dxe5 14. Qxd8 Rxd8
15. Bg3 Nc6 16. a3 Rd2 17. Rfd1 Rad8 18. Rxd2 Rxd2 19. Kf1 g5 20. Rd1 Rxd1+ 21.
Nxd1 f4 22. Bh2 a5 23. b5 Ne7 24. e4 Nc8 25. f3 Bf8 26. a4 Nb6 27. Nb2 Ba3 28.
c5 Bxc5 29. Bg1 Bxg1 30. Kxg1 Bb3 31. Kf2 Nxa4 32. Nxa4 Bxa4 33. Bc4 Kg7 34. g4
Kf6 35. Ke2 Ke7 36. Kd2 Kd6 37. Bd5 b6 0-1

[Event "Sampa Chess Open 2024"]
[Site "Sao Paulo"]
[Date "2024.02.03"]
[Round "7.27"]
[White "Santanna, Paulo"]
[Black "Pittoli, Vinicius Eduardo Mo"]
[Result "1-0"]
[WhiteElo "2021"]
[BlackElo "1648"]
[PlyCount "79"]
[EventDate "2024.01.29"]
[EventRounds "9"]
[EventCountry "BRA"]

1. Nf3 {Langlois,A} d5 2. e3 c5 3. c4 e6 4. cxd5 exd5 5. b3 Nc6 6. Bb2 Nf6 7.
Be2 h6 $146 ({RR} 7... d4 8. exd4 cxd4 9. Bb5 Bc5 10. O-O O-O 11. Qc2 Qd5 12.
Bxc6 bxc6 13. d3 Bb6 14. Nbd2 Bf5 15. b4 Nh5 16. g3 Nf6 17. Rfe1 Rfe8 18. Qc4
c5 19. bxc5 Bxc5 20. Bxd4 Bxd4 21. Nxd4 Red8 22. Nc6 {Flohr,S-Estrin,Y Moscow 
(Russia) 1955 1-0}) ({RR} 7... d4 8. Bb5 Bd6 9. exd4 O-O 10. Bxc6 bxc6 11. O-O
cxd4 12. Bxd4 Bg4 13. h3 Bh5 14. Nc3 Re8 15. d3 Bc7 16. Bxf6 Qxf6 17. Ne4 Qf4
18. Qc1 Rad8 19. Qxf4 Bxf4 20. Rad1 f5 21. Ng3 Bxf3 22. gxf3 {Topalov,V (2761)
-Kramnik,V (2812) Leuven 2016 1/2-1/2 (52)}) ({RR} 7... d4 8. Bb5 Bd7 9. O-O
Be7 10. exd4 Nxd4 11. Nxd4 cxd4 12. Bxd7+ Qxd7 13. Na3 O-O 14. Nc4 b5 15. Ne5
Qd5 16. Re1 Rfe8 17. Qf3 Bd6 18. Qxd5 Nxd5 19. Nd3 Nb4 20. Rxe8+ Rxe8 21. Nxb4
Bxb4 22. Bxd4 {Xiong,J (2686)-Oparin,G (2681) chess.com INT 2022 1-0 (42)}) ({
RR} 7... d4 8. exd4 cxd4 9. Bb5 Bc5 10. Qe2+ Be6 11. Qe5 Qd5 12. O-O O-O-O 13.
Bxc6 bxc6 14. Rc1 Ng4 15. Qxd5 Rxd5 16. h3 Ne5 17. Nxe5 Rxe5 18. b4 Bb6 19. a4
Rd8 20. a5 Bc7 21. Na3 Rg5 22. h4 {Zilberstein,V-Ravinsky,G Leningrad (Russia)
1963 EXT 2003 [Langlois,A] 0-1 (38)}) ({RR} 7... a6 8. d4 cxd4 9. Nxd4 Bb4+ 10.
Bc3 Bd6 11. Nd2 O-O 12. O-O Bc7 13. Nxc6 bxc6 14. Qc2 Re8 15. Bd4 Qd6 16. g3
Bg4 17. Bxg4 Nxg4 18. Nf3 Qh6 19. Qf5 Qe6 20. Qxe6 Rxe6 21. Rac1 f6 22. Rc2 {
Petrosian,T-Beliavsky,A Moscow (Russia) 1973 1-0 (43)}) 8. O-O Be6 9. d4 Rc8
10. Nc3 Be7 11. Rc1 O-O 12. dxc5 Bxc5 13. Nxd5 Be7 14. Nxe7+ Qxe7 15. Bd3 Rfd8
16. Qe2 Bg4 17. Bb1 Rd5 18. h3 Bh5 19. e4 Rcd8 20. Bxf6 gxf6 21. Qe3 Bxf3 22.
exd5 Qxe3 23. fxe3 Bxd5 24. Rxf6 Kg7 25. Rf2 Be6 26. Bf5 Ne5 27. Bxe6 fxe6 28.
Rc7+ Kg6 29. Rxb7 Rd3 30. Rxa7 Rxe3 31. Kh2 Nc6 32. Raf7 Nd4 33. R2f6+ Kg5 34.
h4+ Kh5 35. Rg7 Re2 36. Kh3 Re3+ 37. Rg3 Re2 38. Rd3 Re4 39. g4+ Rxg4 40. Rxh6+
1-0

[Event "Sampa Chess Open 2024"]
[Site "Sao Paulo"]
[Date "2024.02.03"]
[Round "7.28"]
[White "Carvalho Jr, Celestino"]
[Black "Da Rocha, Lucas Sampaio"]
[Result "1/2-1/2"]
[WhiteElo "1939"]
[BlackElo "1647"]
[PlyCount "102"]
[EventDate "2024.01.29"]
[EventRounds "9"]
[EventCountry "BRA"]

1. e4 c6 2. Nf3 d5 3. e5 c5 4. g3 Nc6 5. Bg2 Bg4 6. h3 Bxf3 7. Qxf3 e6 8. Qe2
Qc7 9. f4 Nge7 10. c3 Nf5 11. Qf2 Be7 12. d3 $146 ({RR} 12. Na3 h5 13. h4 c4
14. b4 a5 15. Nb5 Qd7 16. a4 axb4 17. Bh3 g6 18. Bxf5 gxf5 19. Qb6 O-O 20. Qe3
Kh7 21. Bb2 Rg8 22. Ke2 Rg4 23. Rhg1 Ra6 24. Kf3 b6 25. cxb4 Bxb4 26. Rgb1 Rg8
{Di Lascio,S (2012)-Gatterer,F (2323) Bergamo 2009 0-1 (38)}) 12... h5 13. h4
Rh6 14. Bh3 g6 15. Nd2 b5 16. Nf3 c4 17. d4 Kd7 18. a3 Rhh8 19. O-O a5 20. Bd2
Nh6 21. Qe2 b4 22. Ng5 Bxg5 23. fxg5 Nf5 24. axb4 axb4 25. Bf4 Qb7 26. Rxa8
Rxa8 27. Re1 Nce7 28. Bg2 bxc3 29. bxc3 Qb3 30. Rc1 Ra2 31. Qe1 Qb2 32. Qf1 Kc7
33. Qf3 Nc6 34. Rf1 Na7 35. Rf2 Qxf2+ 36. Qxf2 Rxf2 37. Kxf2 Nb5 38. Bd2 Na3
39. Bf3 Nb1 40. Be1 Kb6 41. Bd1 Na3 42. Ba4 Nb5 43. Kf3 Ka5 44. Bd1 Na7 45. Bd2
Nb5 46. Kf4 Nc7 47. Bc1 Nb5 48. Bd2 Na3 49. Be1 Nb5 50. Bd2 Na3 51. Be1 Nb5
1/2-1/2

[Event "Sampa Chess Open 2024"]
[Site "Sao Paulo"]
[Date "2024.02.03"]
[Round "7.29"]
[White "Cristino, Felipe Borges"]
[Black "Munhoz, Joao Pedro"]
[Result "1/2-1/2"]
[WhiteElo "1890"]
[BlackElo "1608"]
[PlyCount "130"]
[EventDate "2024.01.29"]
[EventRounds "9"]
[EventCountry "BRA"]

1. d4 d5 2. c4 dxc4 3. e3 Nf6 4. Bxc4 e6 5. Nf3 a6 6. O-O b5 7. Bd3 Bb7 8. a4
c6 ({RR} 8... bxa4 9. Rxa4 c5 10. Nc3 cxd4 11. exd4 Be7 12. Qe2 O-O 13. Bg5 Bc6
14. Raa1 Nd5 15. Qe4 g6 16. Qh4 Bxg5 17. Nxg5 h5 18. Qg3 Qf6 19. Rac1 Ra7 20.
Rfd1 Kg7 21. Be4 Rb7 22. Bxd5 exd5 23. Rd2 {Caruana,F (2827)-Batchimeg,T (2390)
Caleta 2017 1-0 (40)}) 9. Nbd2 $146 ({RR} 9. e4 Be7 10. Qe2 Nbd7 11. Nbd2 Qc7
12. e5 Nd5 13. Ne4 Nb4 14. Bb1 c5 15. Bg5 f5 16. exf6 gxf6 17. Bh4 c4 18. Nc3
Nd5 19. Qxe6 b4 20. Nxd5 {1-0 (20) Von Herman,U (2413)-Ulziibat,B Berlin 2005})
({RR} 9. Qe2 Nbd7 10. Rd1 Be7 11. e4 Qc7 12. Nbd2 e5 13. Nxe5 Nxe5 14. dxe5
Qxe5 15. Nf3 Qc7 16. Bg5 O-O 17. axb5 cxb5 18. Rac1 Qb6 19. e5 Bxf3 20. Qxf3
Nd5 21. Bxh7+ Kxh7 22. Qh5+ Kg8 23. Rxd5 Bxg5 {Bertholdt,D-Bruemmer,U Schkopau
1954 1-0 (33)}) ({RR} 9. Qe2 Nbd7 10. Nbd2 Nb6 11. a5 Nbd7 12. Nb3 Rc8 13. Rd1
Qc7 14. Bd2 c5 15. dxc5 Nxc5 16. Rac1 Qb8 17. Nxc5 Bxc5 18. Bxb5+ axb5 19.
Qxb5+ Nd7 20. Bb4 O-O 21. Bxc5 Nxc5 22. Rxc5 Rxc5 23. Qxc5 Bxf3 {Kachiani
Gersinska,K-Ramzina,N Sochi (Russia) 1985 1-0 (33)}) 9... Be7 10. Nb3 Nbd7 11.
Qe2 O-O 12. Bd2 bxa4 13. Na5 Qb6 14. Rxa4 c5 15. Nc4 Qc7 16. Rfa1 cxd4 17. exd4
Nd5 18. Nce5 Nxe5 19. Nxe5 Bd6 20. Rc1 Qe7 21. Qh5 g6 22. Qh3 f5 23. f4 Nc7 24.
Bc3 Nb5 25. Qe3 Rfc8 26. Raa1 Kg7 27. Nc4 Nxc3 28. bxc3 Bc7 29. Rab1 Rab8 30.
Nb6 Rd8 31. Bc4 Qd6 32. Qe5+ Qxe5 33. fxe5 Be4 34. Rb3 Rxb6 35. Rxb6 Bxb6 36.
Bxe6 Bd5 37. Bxd5 Rxd5 38. Kf1 Kf7 39. Ke2 Ke6 40. Kd3 Kd7 41. Rb1 Kc6 42. Kc4
Rd8 43. Ra1 a5 44. Rd1 Rd5 45. Rd2 Bc7 46. Rb2 f4 47. Rf2 g5 48. g3 fxg3 49.
hxg3 Bxe5 50. dxe5 Rxe5 51. Rf6+ Kd7 52. Rf7+ Re7 53. Rf5 Re4+ 54. Kd5 Rg4 55.
Rf7+ Ke8 56. Rxh7 Rxg3 57. c4 g4 58. c5 Rd3+ 59. Kc6 a4 60. Rh2 g3 61. Re2+ Kd8
62. Ra2 a3 63. Rg2 Rb3 64. Rd2+ Kc8 65. Re2 Kd8 1/2-1/2

[Event "Sampa Chess Open 2024"]
[Site "Sao Paulo"]
[Date "2024.02.03"]
[Round "7.30"]
[White "Leon Lopes, Sergio Amadeus"]
[Black "Mattos, Bernardo Cunha"]
[Result "1-0"]
[WhiteElo "1858"]
[BlackElo "1567"]
[PlyCount "109"]
[EventDate "2024.01.29"]
[EventRounds "9"]
[EventCountry "BRA"]

1. c4 e6 2. Nc3 d5 3. e3 c5 4. cxd5 exd5 5. d4 Nc6 6. Nf3 Nf6 7. Bb5 Be7 8. Ne5
Bd7 ({RR} 8... Qc7 9. Qa4 O-O 10. Bxc6 bxc6 11. Qxc6 Qxc6 12. Nxc6 Bd6 13. dxc5
Bxc5 14. O-O Ba6 15. Rd1 Rac8 16. Nd4 Ne4 17. Nxe4 dxe4 18. Bd2 Bxd4 19. exd4
Rc2 20. Bc3 Bd3 21. Re1 f5 22. Rad1 g5 23. f3 {Karttunen,M (2484)-Buscar,M 
(2088) chess.com INT 2021 1/2-1/2 (49)}) 9. O-O O-O 10. Nxd7 Qxd7 11. Ne2 $146
({RR} 11. dxc5 Bxc5 12. Na4 Be7 13. b3 Qf5 14. Bb2 Nb4 15. a3 Nc6 16. Rc1 Rac8
17. b4 Rc7 18. Bd3 Qh5 19. Qxh5 Nxh5 20. b5 {1-0 (20) Limberg,E (2255)-Riboldi,
M (1693) Sao Paulo 2007}) ({RR} 11. b3 a6 12. Bxc6 Qxc6 13. dxc5 Bxc5 14. Bb2
Rfd8 15. Ne2 Qb6 16. Nd4 Rac8 17. Qe2 Re8 18. Rac1 Rcd8 19. Qd3 Bxd4 20. Bxd4
Qe6 21. Rfd1 Ne4 22. f3 Nd6 23. Re1 Nf5 24. Qd2 Nxd4 25. exd4 Qd6 {Wozniak,
A-Wisniewski,M Leba 2009 1-0 (51)}) ({RR} 11. Qf3 a6 12. Bxc6 bxc6 13. Na4 Qa7
14. dxc5 Bxc5 15. Bd2 Ne4 16. Ba5 Rab8 17. Rfd1 Rb5 18. Be1 Bd6 19. b3 f5 20.
Nc3 Rb6 21. Nxe4 fxe4 22. Qh3 Qf7 23. Rac1 Bb4 24. Bxb4 Qxf2+ 25. Kh1 Rxb4 {
Nabung,A (1224)-Eldridge Smith,L (849) Adelaide 2003 1/2-1/2}) 11... a6 12. Bd3
c4 13. Bb1 b5 14. Ng3 g6 15. Qe2 Bd6 16. Rd1 Rfe8 17. Qf3 Qe6 18. Bd2 Ne4 19.
Nxe4 dxe4 20. Qe2 Qd5 21. b3 Bb4 22. bxc4 Qxc4 23. Qxc4 bxc4 24. a3 Bxd2 25.
Rxd2 Na5 26. Ba2 Rec8 27. Rb1 c3 28. Rc2 Rab8 29. Rb4 Kg7 30. h4 Rxb4 31. axb4
Nb7 32. Bd5 Nd6 33. f3 f5 34. fxe4 Nxe4 35. Bb7 Rc4 36. Bxe4 fxe4 37. g4 Kf6
38. Kf2 h6 39. Ke1 g5 40. h5 Ke6 41. Kd1 Kd6 42. Re2 Rc6 43. Ra2 c2+ 44. Kc1
Rc3 45. Rxa6+ Ke7 46. Rxh6 Rxe3 47. Rg6 Rd3 48. Rxg5 Rxd4 49. h6 Kf7 50. h7 Rd8
51. Rg8 Rxg8 52. hxg8=Q+ Kxg8 53. Kxc2 Kf7 54. Kd2 Kf6 55. Ke3 1-0

[Event "Sampa Chess Open 2024"]
[Site "Sao Paulo"]
[Date "2024.02.03"]
[Round "7.31"]
[White "Aragao Neto, Joao Batista"]
[Black "Santos, Abel Cardoso Dos"]
[Result "0-1"]
[WhiteElo "1585"]
[BlackElo "1854"]
[PlyCount "100"]
[EventDate "2024.01.29"]
[EventRounds "9"]
[EventCountry "BRA"]

1. e4 e5 2. Nf3 Nc6 3. Bb5 a6 4. Ba4 Nf6 5. d3 d6 6. c3 g6 7. Bg5 h6 ({RR} 7...
Bg7 8. Nbd2 h6 9. Bh4 O-O 10. O-O b5 11. Bc2 Qe8 12. Re1 Nh5 13. Nf1 Nf4 14.
Ne3 Bb7 15. a4 Nd8 16. d4 Nde6 17. b4 exd4 18. cxd4 a5 19. d5 Ng5 20. Nxg5 hxg5
21. Bxg5 Qe5 22. Qg4 {Carlsen,M (2882)-Caruana,F (2818) Saint Louis USA 2019 1/
2-1/2 (47)}) 8. Be3 Bg7 9. h3 Qe7 $146 ({RR} 9... O-O 10. Nbd2 Nd7 11. g4 Ne7
12. Nf1 d5 13. Qd2 Kh7 14. O-O-O b5 15. Bc2 c5 16. d4 b4 17. dxc5 bxc3 18. bxc3
Bb7 19. Ng3 Qa5 20. Bb3 Nxc5 21. Bxc5 Qxc5 22. exd5 Bxd5 23. Bxd5 Nxd5 24. Ne4
{Chabada,T (1885)-Kociscak,J (2242) Frydek Mistek 2008 0-1}) ({RR} 9... Bd7 10.
Nbd2 Qe7 11. b4 O-O 12. g4 Nd8 13. Bb3 Be6 14. g5 hxg5 15. Nxg5 Bxb3 16. Qxb3
Nh5 17. Ndf3 b5 18. a4 bxa4 19. Rxa4 Nb7 20. Kd2 c5 21. Rha1 cxb4 22. Rxb4 Nc5
23. Bxc5 dxc5 24. Rb7 {Rigo,J (2266)-Maroroa,S (2131) Zalakaros 2014 0-1 (41)})
10. Nbd2 b5 11. Bc2 d5 12. Nb3 dxe4 13. dxe4 Nd7 14. Qe2 Nd8 15. a4 b4 16. Qc4
bxc3 17. bxc3 Nb6 18. Qe2 Ne6 19. g3 a5 20. Bd3 O-O 21. O-O Rd8 22. Kh2 Rxd3
23. Qxd3 Ba6 24. Qb1 Be2 25. Ng1 Bxf1 26. Qxf1 Qe8 27. Qb5 Qxb5 28. axb5 Nc4
29. Bc1 Nd6 30. f3 Nxb5 31. Ne2 a4 32. Nd2 Nc5 33. Nc4 Nb3 34. Rb1 Nxc1 35.
Rxc1 a3 36. Ne3 c6 37. Ra1 Bf8 38. Nc2 Ra4 39. Ne3 Bc5 40. Nd1 Rc4 41. Ra2 Kf8
42. Kg2 Ke7 43. Kf1 f5 44. exf5 gxf5 45. Ke1 e4 46. fxe4 fxe4 47. Kd2 Kf6 48.
Kc2 Ke5 49. Kb3 Nd6 50. Rd2 e3 0-1

[Event "Sampa Chess Open 2024"]
[Site "Sao Paulo"]
[Date "2024.02.03"]
[Round "7.32"]
[White "Jenidarchiche, Douglas Rodrigo"]
[Black "Kassab, Alexandre T Canelas"]
[Result "1-0"]
[WhiteElo "1845"]
[BlackElo "1800"]
[PlyCount "87"]
[EventDate "2024.01.29"]
[EventRounds "9"]
[EventCountry "BRA"]

1. d4 Nf6 2. c4 e6 3. Nc3 d5 4. cxd5 exd5 5. Bg5 Be7 6. e3 c6 7. Bd3 Nbd7 8.
Nge2 h6 9. Bh4 O-O 10. O-O Ne4 11. Bxe7 Qxe7 12. Bxe4 dxe4 13. Qc2 Nf6 14. Ng3
Re8 15. Na4 $146 ({RR} 15. Rad1 b6 16. Rfe1 Bb7 17. f3 exf3 18. gxf3 Nd5 19. e4
Nf4 20. Kh1 Qf6 21. Qf2 Rad8 22. Nf5 Bc8 23. Qh4 Qxh4 24. Nxh4 Ba6 25. Rg1 Kh7
26. Rd2 Nd3 27. a3 g6 28. d5 Ne5 29. f4 Nc4 {Brito Heredia,D (1856)-Herrera
Arboleda,K (1903) Carpuela 2014 1-0 (32)}) 15... h5 16. Qc5 Qxc5 17. Nxc5 b6
18. Nb3 Be6 19. Nd2 Bd5 20. Rfc1 g6 21. h4 Rac8 22. b4 b5 23. a4 bxa4 24. Rxa4
Rb8 25. Ne2 Re7 26. Nc4 Reb7 27. Ne5 Rxb4 28. Rxa7 Rb1 29. Ra1 Rxa1 30. Rxa1
Kg7 31. Nf4 Ng4 32. Nxg4 hxg4 33. Ra7 Kf6 34. Rd7 Be6 35. Rd6 Rc8 36. Nxe6 Ke7
37. Rd8 Rxd8 38. Nxd8 Kxd8 39. Kh2 Ke7 40. Kg3 f5 41. Kf4 Ke6 42. Kg5 Kf7 43.
h5 gxh5 44. Kxf5 1-0

[Event "Sampa Chess Open 2024"]
[Site "Sao Paulo"]
[Date "2024.02.03"]
[Round "7.33"]
[White "De Brito E Silva, William"]
[Black "Sanches De Carvalho, Fabio"]
[Result "0-1"]
[WhiteElo "1549"]
[BlackElo "1838"]
[PlyCount "56"]
[EventDate "2024.01.29"]
[EventRounds "9"]
[EventCountry "BRA"]

1. e4 c5 2. Nf3 d6 3. d4 cxd4 4. Nxd4 Nf6 5. Nc3 a6 6. Bc4 Qc7 7. Bb3 Nc6 ({RR
} 7... Nbd7 8. O-O Nc5 9. Nd5 Nxd5 10. exd5 g6 11. Re1 h6 12. Bf4 Bg7 13. c3
Nxb3 14. axb3 Bd7 15. Qd2 Kf8 16. Re2 Re8 17. Rae1 g5 18. Be3 Qa5 19. Nc2 Bb5
20. Ra1 Qc7 21. c4 Bd7 22. Bd4 {Rublevsky,S (2682)-Mikhailov,S (2399) Taganrog
2011 1-0 (42)}) ({RR} 7... Nbd7 8. O-O e6 9. Bg5 Nc5 10. Bxf6 gxf6 11. f4 Bd7
12. f5 O-O-O 13. Kh1 Bg7 14. Qf3 h5 15. Bc4 Kb8 16. Be2 Rde8 17. b4 Na4 18.
Nxa4 Bxa4 19. b5 e5 20. Qa3 Bxb5 21. Nxb5 axb5 22. Bxb5 {Babula,V (2014)
-Usacheva,G (1834) Pardubice CZE 2019 1/2-1/2 (41)}) 8. O-O e5 $146 ({RR} 8...
Nxd4 9. Qxd4 Qc5 10. Qd3 b5 11. Be3 Qc7 12. Nd5 Nxd5 13. Qxd5 Bb7 14. Qxf7+ Kd8
15. e5 Qc6 16. f3 Kc8 17. Be6+ Kb8 18. exd6 Bc8 19. dxe7 Bxe7 20. Bxc8 Kxc8 21.
Qxe7 Re8 22. Qc5 Qxc5 23. Bxc5 {Nechifor,B-Bostina,G Timisoara 1995 1-0 (32)})
({RR} 8... h6 9. Re1 e6 10. Be3 b5 11. Qe2 Rb8 12. a3 Ne5 13. Rad1 Neg4 14. Bc1
h5 15. h3 Ne5 16. f4 Nc6 17. f5 Nxd4 18. Rxd4 e5 19. Rd3 Bd7 20. Bg5 Bc6 21.
Bxf6 gxf6 22. Bd5 Bd7 23. Red1 {Larrada Roa,H (1946)-Ochoa Pinzon,C Bogota
2015 1-0 (45)}) ({RR} 8... g6 9. Kh1 Bg7 10. Nxc6 bxc6 11. f4 Rb8 12. Qe1 Ng4
13. h3 Nh6 14. Qh4 f5 15. Bd2 Nf7 16. Rae1 Bf6 17. Qf2 a5 18. Rg1 Kf8 19. exf5
Bxf5 20. g4 Bd7 21. g5 Bg7 22. Qe3 Bf5 23. Be6 {Oliver,S (1798)-Ninchich,M 
(1636) Parramatta 2008 1-0 (31)}) 9. Nxc6 Qxc6 10. Be3 Be6 11. Bxe6 fxe6 12. f4
exf4 13. Bxf4 Qc5+ 14. Kh1 Be7 15. Qf3 O-O 16. Be3 Qc7 17. Qg3 b5 18. a3 Qc4
19. Bh6 Rf7 20. Qf3 Raf8 21. b3 Qc6 22. e5 Nd5 23. Nxd5 Qxd5 24. Qe2 Qxe5 25.
Rxf7 Qxa1+ 26. Bc1 Qxc1+ 27. Qd1 Qxd1+ 28. Rf1 Qxf1# 0-1